000 00843nas a2200313 4500
001 BR9201566
003 BR-BrBNA
005 20231205092422.0
007 ta
008 230509b bl.|||p| |||| 00| 00por d
040 _aBR-BrBNA
_bpor
_cBiblioteca Nacional de Agricultura
041 _a(Pt)
072 _aH20
100 1 _aCastro, C.
100 1 _aDaniels, J.
245 1 _aDoencas da batata e seu controle
246 1 _a[Potato diseases and its control!
650 _aBATATA
650 _aMURCHA BACTERIANA
650 _aSARNA DE PLANTA
650 _aPINTA PRETA
650 _aQUEIMA DA SAIA
650 _aFUSARIOSE
650 _aGALHA
650 _aSINTOMA
773 0 _tHorti Sul (Brazil)
_xISSN 0103-3700
_g(Mar 1991), v. 1(4) p. 12-19
_wBR9201566
909 _a202311
_bLúcia
_c55
_dLúcia Elande
942 _2AGRIS
_n0
_cANA
999 _c131577
_d131577